A notebook of dermatopathology: mastering the basics, pattern recognition, and key pathologic findings / (Record no. 2593)
[ view plain ]
| 000 -LEADER | |
|---|---|
| fixed length control field | 00836nam a22002055a 4500 |
| 003 - CONTROL NUMBER IDENTIFIER | |
| control field | GSU |
| 005 - DATE AND TIME OF LATEST TRANSACTION | |
| control field | 20251125111904.0 |
| 008 - FIXED-LENGTH DATA ELEMENTS--GENERAL INFORMATION | |
| fixed length control field | 220330uuuuuuuuuxx |||||o|||||000 0|und|d |
| 020 ## - INTERNATIONAL STANDARD BOOK NUMBER | |
| International Standard Book Number | 9781138704084 (hardback) |
| 040 ## - CATALOGING SOURCE | |
| Description conventions | rda |
| Language of cataloging | eng |
| Transcribing agency | GSU |
| Modifying agency | GSU |
| 050 ## - LIBRARY OF CONGRESS CALL NUMBER | |
| Classification number | RL96 |
| Item number | NON |
| 245 10 - TITLE STATEMENT | |
| Title | A notebook of dermatopathology: mastering the basics, pattern recognition, and key pathologic findings / |
| Remainder of title | edited by Mariya Miteva |
| 264 #1 - PRODUCTION, PUBLICATION, DISTRIBUTION, MANUFACTURE, AND COPYRIGHT NOTICE | |
| Place of production, publication, distribution, manufacture | Boca Raton : |
| Name of producer, publisher, distributor, manufacturer | Taylor & Francis Group, |
| Date of production, publication, distribution, manufacture, or copyright notice | ©2018. |
| 300 ## - PHYSICAL DESCRIPTION | |
| Extent | vi, 211 pages : |
| Other physical details | colour illustrations ; |
| Dimensions | 29 cm |
| 336 ## - CONTENT TYPE | |
| Content type term | text |
| Content type code | txt |
| Source | rdacontent |
| 337 ## - MEDIA TYPE | |
| Media type term | unmediated |
| Media type code | n |
| Source | rdamedia |
| 338 ## - CARRIER TYPE | |
| Carrier type term | volume |
| Carrier type code | nc |
| Source | rdacarrier |
| 776 08 - ADDITIONAL PHYSICAL FORM ENTRY | |
| Relationship information | |
| Title | A Notebook of Dermatopathology: Mastering the Basics, Pattern Recognition, and Key Pathologic Findings |
| International Standard Book Number | 978-1-138-70408-4 |
| 942 ## - ADDED ENTRY ELEMENTS (KOHA) | |
| Source of classification or shelving scheme | Library of Congress Classification |
| Koha item type | Books |
| Classification part | RL96 |
| Call number prefix | R |
| Call number suffix | NOT |
| Suppress in OPAC | No |
| Withdrawn status | Lost status | Source of classification or shelving scheme | Damaged status | Not for loan | Collection code | Home library | Current library | Shelving location | Date acquired | Source of acquisition | Total Checkouts | Full call number | Barcode | Date last seen | Copy number | Price effective from | Koha item type |
|---|---|---|---|---|---|---|---|---|---|---|---|---|---|---|---|---|---|
| Library of Congress Classification | General Collection | GSU Library Epoch | GSU Library Epoch | General Stacks | 15/10/2025 | BAI | RL96 NOT | 50000006618 | 24/11/2025 | 1 | 15/10/2025 | Books | |||||
| Library of Congress Classification | General Collection | GSU Library Epoch | GSU Library Epoch | General Stacks | 15/10/2025 | BAI | RL96 NOT | 50000006619 | 24/11/2025 | 2 | 15/10/2025 | Books |
